000 00652nam a2200241Ia 4500
003 OSt
005 20221005040921.0
006 a|||||r|||| 00| 0
007 ta
008 221004b |||||||| |||| 00| 0 eng d
024 _a65091
037 _cTextual
040 _aCRL
_cCRL
_beng
041 _2eng
_aeng
082 _aX:271.2, N4
100 _aKatar Singh
_9416797
245 0 _aManaging common pool resources
_b Principles and case studies
260 _aDelhi
_bOxford University India
_c1994
300 _a366p.
_ccm.
650 _aECONOMICS
942 _hX:271.2, N4
_cTEXL
_2cc
999 _c947699
_d947699